Statistiques concernant Mots de la langue française terminés par "rain"

Cliquez ici pour prendre le quiz!

Statistiques générales

  • Ce quiz a été pris 161 fois
  • Le résultat moyen est 8 sur 16

Statistiques - réponses

IndiceMot% Correct
convoitrain
83%
parcelleterrain
79%
ardeurentrain
75%
aversegrain
63%
protecteurparrain
61%
suprêmesouverain
61%
leitmotivrefrain
58%
modernecontemporain
53%
bronzeairain
51%
redondrain
49%
poèmequatrain
49%
entrepreneur de spectaclesforain
43%
seigneursuzerain
41%
cavernesouterrain
38%
avoisinantriverain
20%
porceletnourrain
17%

Distribution des résultats

Percentile par nombre de réponses

% des personnes avec chaque résultat

Votre développement - résultats

Vous n’avez pas pris ce quiz